000 00600nam a22002057a 4500
999 _c9400
_d9400
003 AR-CdUCM
008 190327b ||||| |||| 00| 0 spa d
040 _aMUNICIPALIDAD PROVINCIAL DEL CUSCO
_cBIBLIOTECA MUNICIPAL DEL CUSCO
082 _a869.56 /
_bV28
100 _aVargas Vicuña, Eleodoro
_915768
245 _aNahuin /
260 _aLima :
_bJueves,
_c1953.
300 _a72 paginas ;;
_c17 cm.
500 _aDonación familia Nieto.
505 _aContenido :Nahuin.
650 _aLiteratura peruana
_9169
650 _aCuentos tradicionales
_925573
942 _2ddc
_cLIBROS
945 _arum